Iglesia y el Estado en la Unión Soviética, La / [por] P. W. de Vries ; tr. por J. G. Mariscal

Gorde:
Xehetasun bibliografikoak
Egile nagusia: Vries, P. W. de (autor)
Formatua: Liburua
Gaiak:
Etiketak: Etiketa erantsi
Etiketarik gabe, Izan zaitez lehena erregistro honi etiketa jartzen!

MARC

LEADER 00000nam^a2200000^u^4500
001 000544204
005 20250521000000.0
008 060220s1000^^^^^^^^^^^^r^^^^^000^0^spa^d
009 20260310131322.759
035 |a FMI 000013310 
037 |a Acervo Xavier Clavigero 
096 |a 3.1/73/B 
100 |a Vries, P. W. de  |e (autor) 
245 1 0 |a Iglesia y el Estado en la Unión Soviética, La / [por] P. W. de Vries ; tr. por J. G. Mariscal 
264 |a San Sebastián : Dinor, 1960 
300 |a 222 p. 
336 |a texto  |b txt  |2 rdacontenido 
337 |a sin mediación  |b n  |2 rdamedio 
338 |a volumen  |b nc  |2 rdasoporte 
597 |a Trad. del original ("Kirche und staat in der sowjetunion"). 
649 |a XX 
650 |a HISTORIA DE LA IGLESIA 
910 |a Fondo Francisco Migoya Covarrubias S.J. 
920 |a Impresos - Libros 
930 |a Fondos Especiales 
905 |a 134 
901 |a SBC21528  |b IT2  |c ESP  |u 20250521 
902 |a https://opac.biblio.iteso.mx/vufind/Record/000544204